000 00297 a2200109 4500
001 ART_6873
005 20260410161621.0
008 260409a
245 1 0 _aContabilidad regularmente llevada
100 1 _aPiñeiro, Horacio
773 0 _tEnfoques
_g- Nº 10 (oct. 2010)
_wREV416
999 _c11596
_d11596